00547pab a2200169 454500008004000000100001700040245009600057260000900153300001300162650001900175650001900194773003900213908000600252909001000258999001700268952009200285180718b2008 xxu||||| |||| 00| 0 eng d aMartin, Mary aHuman security in the Democratic Republic of Congo: the European Union as a force for good? c2008 ap.89-99. aEuropean union aState security aInternational Politics and Society aN a77291 c77291d77291 00104070aIIPAbIIPAd2018-07-19hVolume no: 1, pAR77751r2018-07-19w2018-07-19yAR